书目信息 |
| 题名: |
生物化工产品生产技术
|
|
| 作者: | 温辉梁 主编 | |
| 分册: | ||
| 出版信息: | 南昌 江西科学技术出版社 2004 |
|
| 页数: | 418页 | |
| 开本: | 21cm | |
| 丛书名: | 精细化工产品生产系列 | |
| 单 册: | ||
| 中图分类: | TQ072 | |
| 科图分类: | ||
| 主题词: | 生物制品--化工产品--生产工艺 , 生物制品 , 化工产品 , 化工产品 , 化工产品:副产品 | |
| 电子资源: | ||
| ISBN: | 7-5390-2669-3 | |
| 000 | 00990oam2 2200289 450 | |
| 001 | 002878653 | |
| 005 | 20061122094326.28 | |
| 010 | @a7-5390-2669-3@dCNY25.00 | |
| 100 | @a20050316d2004 em y0chiy0110 ea | |
| 101 | 0 | @achi@aeng |
| 102 | @aCN@b360000 | |
| 105 | @ay z 001yy | |
| 200 | 1 | @a生物化工产品生产技术@9sheng wu hua gong chan pin sheng chan ji shu@f温辉梁主编 |
| 210 | @a南昌@c江西科学技术出版社@d2004 | |
| 215 | @a418页@d21cm | |
| 225 | 2 | @a精细化工产品生产系列 |
| 330 | @a本书介绍了生物农药、生物降解塑料、酶制剂、糖类、有机酸、氨基酸、食品添加剂、饲料添加剂、农林产物的精深加工产品、有机化工原料十大类150多个生物化工产品的概述、性质、制法及生产厂家。 | |
| 461 | 0 | @12001 @a精细化工产品生产系列 |
| 606 | 0 | @a生物制品@x化工产品@x生产工艺 |
| 606 | 0 | @a生物制品 |
| 606 | 0 | @a化工产品 |
| 606 | 0 | @a化工产品 |
| 606 | 0 | @a化工产品:副产品 |
| 690 | @aTQ072@v4 | |
| 701 | 0 | @a温辉梁@9wen hui liang@4主编 |
| 801 | 0 | @aCN@bNLC@c20061122 |
| 905 | @a10447@dTQ072@e100 | |
| 生物化工产品生产技术/温辉梁主编.-南昌:江西科学技术出版社,2004 |
| 418页;21cm.-(精细化工产品生产系列) |
| ISBN 7-5390-2669-3:CNY25.00 |
| 本书介绍了生物农药、生物降解塑料、酶制剂、糖类、有机酸、氨基酸、食品添加剂、饲料添加剂、农林产物的精深加工产品、有机化工原料十大类150多个生物化工产品的概述、性质、制法及生产厂家。 |
| ● |
| 相关链接 |
|
|
|
|
正题名:生物化工产品生产技术
索取号:TQ072/100
 
预约/预借
| 序号 | 登录号 | 条形码 | 馆藏地/架位号 | 状态 | 备注 |
| 1 | 0394829 | 203948292 | 第二样本阅览室/ [索取号:TQ072/100] | 在馆 | |
| 2 | 0394830 | 203948309 | 第三借阅区/ [索取号:TQ072/100] | 在馆 | |
| 3 | 0394831 | 203948318 | 第三借阅区/ [索取号:TQ072/100] | 在馆 | |
| 4 | 0394832 | 203948327 | 第三借阅区/ [索取号:TQ072/100] | 在馆 | |
| 5 | 0394833 | 203948336 | 第三借阅区/ [索取号:TQ072/100] | 在馆 |